Dedicated clean ballast tanks : revised specifications for oil tankers with dedicated clean ballast tanks, and, standard format for the dedicated clean ballast tank operation manual / (Record no. 1708)

000 -LEADER
fixed length control field 00600nam a22001457a 4500
008 - FIXED-LENGTH DATA ELEMENTS--GENERAL INFORMATION
fixed length control field 200131b ||||| |||| 00| 0 eng d
020 ## - INTERNATIONAL STANDARD BOOK NUMBER
International Standard Book Number 9280111396
082 00 - DEWEY DECIMAL CLASSIFICATION NUMBER
Classification number 623.88245
Item number I339
110 ## - MAIN ENTRY--CORPORATE NAME
9 (RLIN) 76
Corporate name or jurisdiction name as entry element International Maritime Organization
245 10 - TITLE STATEMENT
Title Dedicated clean ballast tanks : revised specifications for oil tankers with dedicated clean ballast tanks, and, standard format for the dedicated clean ballast tank operation manual /
260 ## - PUBLICATION, DISTRIBUTION, ETC. (IMPRINT)
Place of publication, distribution, etc London
Name of publisher, distributor, etc International Maritime Organization
Date of publication, distribution, etc 1982
300 ## - PHYSICAL DESCRIPTION
Extent 38 p.
650 #0 - SUBJECT ADDED ENTRY--TOPICAL TERM
Topical term or geographic name as entry element Ship Operations
942 ## - ADDED ENTRY ELEMENTS (KOHA)
Item type Books
Holdings
Withdrawn status Lost status Source of classification or shelving scheme Damaged status Not for loan Permanent location Current location Date acquired Source of acquisition Full call number Barcode Date last seen Cost, replacement price Koha item type
          IMU Kolkata IMU Kolkata 1998-12-01 Jyoti, the Book People 623.88245 I339 08977 2020-01-31 506.10 Books
          IMU Kolkata IMU Kolkata 2020-06-23   623.88245 I339 06579 2020-06-23   Books
          IMU Kolkata IMU Kolkata 2020-07-17   623.88245 I339 07575 2020-07-17   Books
Designed and Maintained by IMU-KC Library, Kolkata Campus © Copyright All Rights Reserved

webs counters

Powered by Koha